| 000 | 01830nam a2200313Ka 4500 | ||
|---|---|---|---|
| 001 | 991107406609506196 | ||
| 005 | 20250828080034.0 | ||
| 006 | m d | ||
| 007 | cr cn--------- | ||
| 008 | 231103s2023 nyu o 000 1 eng d | ||
| 020 | _a9780861545896 | ||
| 035 | _a(CKB)28557171200041 | ||
| 035 | _a(ODN)ODN0010251263 | ||
| 035 | _a(EXLCZ)9928557171200041 | ||
| 040 | _ctbs | ||
| 041 | _aEnglish | ||
| 050 | 0 | 0 |
_aPR6112.Y534 _bP76 2023 |
| 100 |
_aLynch, Paul. _925815 |
||
| 245 | 1 | 0 |
_aProphet song _b: A novel _c/ Paul Lynch. |
| 260 |
_aLaVergne : _bAtlantic Monthly Press, _c2023. |
||
| 500 | _aTitle from eBook information screen.. | ||
| 520 | _aThe explosive literary sensation: a mother faces a terrible choice as Ireland slides into totalitarianism. On a dark, wet evening in Dublin, scientist and mother-of-four Eilish Stack answers her front door to find the GNSB on her step. Two officers from Ireland’s newly formed secret police are here to interrogate her husband, Larry, a trade unionist. Ireland is falling apart. The country is in the grip of a government turning towards tyranny and when her husband disappears, Eilish finds herself caught within the nightmare logic of a society that is quickly unravelling. Soon, she must decide just how far she is willing to go to keep her family safe. Exhilarating, terrifying and propulsive, Paul Lynch’s Booker Prize-winning novel is a devastating vision of a country falling apart and a moving portrait of the resilience of the human spirit when faced with the darkest of times. | ||
| 538 | _aRequires the Libby app or a modern web browser. | ||
| 650 | 0 |
_aMothers _vFiction _zIreland _zDublin |
|
| 650 | 0 |
_a Totalitarianism _vFiction |
|
| 650 | 0 |
_aDisappeared persons _vFiction |
|
| 655 | 0 |
_aDystopian fiction _925624 |
|
| 942 | _2lcc | ||
| 999 |
_c4889 _d4889 |
||